Представление документа в формате MARC21

Поле Инд. ПП Название Значение
Тип записи a
Библиографический уровень b
001 Контрольный номер RU/IS/BASE/141137393
005 Дата корректировки 20240403144211.0
084 a Индекс другой классификации/Индекс ББК 60.542.14-425; 60.561.51; 88.576
100 1_ a Автор Лебедь О. Л.
245 a Заглавие Социологический анализ сочинений жизненных историй подростков из воспитательных колоний
520 a Аннотация Задачей изучения сочинений подростков было выяснение "причин" их поведения, понимание ими ситуации и в том числе в контексте семейных взаимоотношений
650 a Основная рубрика психология
a Основная рубрика психология семьи
a Основная рубрика социальная психология
a Основная рубрика социология
a Основная рубрика социология групп
a Основная рубрика социология семьи
653 a Ключевые слова воспитание
a Ключевые слова девиантное поведение
a Ключевые слова малолетние преступники
a Ключевые слова наркомания
a Ключевые слова поведение
a Ключевые слова подростки
a Ключевые слова подростковая преступность
a Ключевые слова преступность
a Ключевые слова семейное воспитание
a Ключевые слова семейные отношения
a Ключевые слова социальная деятельность
a Ключевые слова социальные проблемы
773 t Заглавие источника Вестник Московского университета. Серия 18, Социология и политология
d Дата издания источника 2002
g Прочая информация № 1. - С. 109 - 116
w Контрольный № источника RU/IS/BASE/148577933
901 t Тип документа b